| 000 | 00420cam a2200181ua 4500 | ||
|---|---|---|---|
| 020 | _c1.00 | ||
| 041 |
_ahin _h |
||
| 082 |
_a891.54 _bPRE/SA |
||
| 100 | _aPremchand, . | ||
| 245 |
_aSapt saroj / _cPremchand. _hTextual Documents |
||
| 250 |
_a1 / _b. |
||
| 260 |
_aNew Delhi : _bSaraswathi Press , _c1964. |
||
| 300 | _a104 ; . | ||
| 365 | _a1.00 | ||
| 504 | _a | ||
| 942 | _cBK | ||
| 999 |
_c12726 _d12726 |
||